Drivers of vulnerability towrds climate variability in Gujarat (Record no. 504016)

000 -LEADER
fixed length control field 00572cam a22001697a 4500
008 - FIXED-LENGTH DATA ELEMENTS--GENERAL INFORMATION
fixed length control field 180718b2012 xxu||||| |||| 00| 0 eng d
082 ## - DEWEY DECIMAL CLASSIFICATION NUMBER
Classification number 091 Sh92d
100 ## - MAIN ENTRY--PERSONAL NAME
Personal name Shukla, shital Hardik
245 ## - TITLE STATEMENT
Title Drivers of vulnerability towrds climate variability in Gujarat
Statement of responsibility, etc. by Shital Hardik Shukla
260 ## - PUBLICATION, DISTRIBUTION, ETC.
Place of publication, distribution, etc. Ahmedabad
Name of publisher, distributor, etc. Sardar patel institute of economic and social research
Date of publication, distribution, etc. 2012
300 ## - PHYSICAL DESCRIPTION
Extent 30p.
500 ## - GENERAL NOTE
General note Working paper 8
650 ## - SUBJECT ADDED ENTRY--TOPICAL TERM
Topical term or geographic name entry element
650 ## - SUBJECT ADDED ENTRY--TOPICAL TERM
Topical term or geographic name entry element India -- Gujarat
650 ## - SUBJECT ADDED ENTRY--TOPICAL TERM
Topical term or geographic name entry element Climate change mitigation
650 ## - SUBJECT ADDED ENTRY--TOPICAL TERM
Topical term or geographic name entry element Climate change mitigation -- India -- Gujarat
Holdings
Withdrawn status Lost status Damaged status Not for loan Permanent Location Current Location Date acquired Full call number Barcode Date last seen Price effective from Koha item type
        Indian Institute of Public Administration Indian Institute of Public Administration 2018-08-04 091 Sh92d GR20443 2018-08-04 2018-08-04 GR

Powered by Koha